都道府県人口ドボンクイズ - Statistics

General Stats
  • This quiz has been taken 333 times
  • The average score is 17 of 25
Answers on the Grid
Answers color-coded by a green-red scale on the quiz's grid according to % correct below.
北海道
青森県
岩手県
宮城県
秋田県
山形県
福島県
茨城県
栃木県
群馬県
埼玉県
千葉県
東京都
神奈川県
新潟県
富山県
石川県
福井県
山梨県
長野県
岐阜県
静岡県
愛知県
三重県
滋賀県
京都府
大阪府
兵庫県
奈良県
和歌山県
鳥取県
島根県
岡山県
広島県
山口県
徳島県
香川県
愛媛県
高知県
福岡県
佐賀県
長崎県
熊本県
大分県
宮崎県
鹿児島県
沖縄県
 
Answer Stats
Answer % Correct
約1400万人 東京都
94%
約504万人 北海道
93%
約920万人 神奈川県
92%
約737万人 埼玉県
89%
約877万人 大阪府
89%
約631万人 千葉県
88%
約539万人 兵庫県
86%
約748万人 愛知県
85%
約247万人 京都府
85%
約222万人 宮城県
78%
約509万人 福岡県
78%
約358万人 静岡県
77%
約273万人 広島県
77%
約211万人 新潟県
66%
約285万人 茨城県
65%
約190万人 栃木県
65%
約191万人 群馬県
65%
約184万人 岡山県
65%
約172万人 熊本県
56%
約201万人 長野県
50%
約156万人 鹿児島県
50%
約177万人 福島県
42%
約195万人 岐阜県
42%
約174万人 三重県
36%
約148万人 沖縄県
25%
No matching quizzes found
Score Distribution
Percent of People with Each Score
Percentile by Number Answered
Your Score History
You have not taken this quiz